Online Catalogue and eLibrary

Sillayoor selvarajan kavithaikal (Record no. 3768)

MARC details
000 -LEADER
fixed length control field 00389nam a2200145Ia 4500
005 - DATE AND TIME OF LATEST TRANSACTION
control field 20250406053530.0
008 - FIXED-LENGTH DATA ELEMENTS--GENERAL INFORMATION
fixed length control field 240331s9999 xx 000 0 und d
082 ## - DDC Classification
Item Number - Author Mark SIL
Class No. 894
245 #0 - TITLE STATEMENT
Title Sillayoor selvarajan kavithaikal
260 ## - PUBLICATION, DISTRIBUTION, ETC.
Place of publication, distribution, etc. Ilankai
Name of publisher, distributor, etc. Athisayan Pathippakam
Date of publication, distribution, etc. 1997
300 ## - PHYSICAL DESCRIPTION
Extent (e.g. Volumes, Pages etc.) 198 p .,
500 ## - GENERAL NOTE
General note An Anthology of Selected Poems
700 ## - ADDED ENTRY--PERSONAL NAME
Personal name Selvarajan, K.
Relator term (Role) Editor
942 ## - Koha item type (Biblio)
Koha item type Books in Stacks (Lending)
Holdings
Lost status Damaged status Collection code Home library Current library Shelving location Date acquired Full call number Accession Number Item type
    Lending WERC Library WERC Library Social Science Cupboard 03/31/2024 894.811 SIL 4537 Books in Stacks (Lending)

© WERC Library